Body Structures and Functions / (Record no. 353240)
[ view plain ]
| 000 -LEADER | |
|---|---|
| fixed length control field | 00334nam a2200109Ia 4500 |
| 008 - FIXED-LENGTH DATA ELEMENTS--GENERAL INFORMATION | |
| fixed length control field | 180116s9999 xx 000 0 und d |
| 020 ## - INTERNATIONAL STANDARD BOOK NUMBER | |
| International Standard Book Number | 9781305511361 |
| 100 ## - MAIN ENTRY--PERSONAL NAME | |
| Personal name | Scott, Ann Senisi |
| 245 ## - TITLE STATEMENT | |
| Statement of responsibility, etc | Ann Senisi Scott, Elizabeth Fong |
| Title | Body Structures and Functions / |
| 260 ## - PUBLICATION, DISTRIBUTION, ETC. (IMPRINT) | |
| Place of publication, distribution, etc | Boston, USA |
| Name of publisher, distributor, etc | Cengage Learning |
| Date of publication, distribution, etc | 2017 |
| 300 ## - PHYSICAL DESCRIPTION | |
| Extent | 519 pages |
| Withdrawn status | Lost status | Damaged status | Home library | Current library | Shelving location | Date acquired | Source of acquisition | Total Checkouts | Full call number | Barcode | Date last seen | Price effective from | Koha item type |
|---|---|---|---|---|---|---|---|---|---|---|---|---|---|
| South SEED-LPDH College Library | South SEED-LPDH College Library | South SEED-LPDH College Section | 01/16/2018 | Library Fund | QP 34.5 .Sco425 2017 | SSLC1623 | 01/16/2018 | 01/16/2018 | Books |